[Event "USA-ch"]
[Site "Long Beach"]
[Date "1993.??.??"]
[Round "8"]
[White "Benjamin, Joel"]
[Black "Ivanov, Alexander"]
[Result "1-0"]
[WhiteElo "2620"]
[BlackElo "2535"]
[Annotator "Wedberg,T"]
[PlyCount "121"]
[EventDate "1993.12.??"]
[EventType "tourn"]
[EventRounds "11"]
[EventCountry "USA"]
[EventCategory "14"]
[SourceTitle "CBM 039"]
[Source "ChessBase"]
[SourceDate "1994.04.01"]
[SourceVersion "1"]
[SourceVersionDate "1994.04.01"]
[SourceQuality "1"]

1. e4 {Bulletin} e5 2. Nf3 Nc6 3. Bb5 a6 4. Bxc6 dxc6 5. O-O f6 6. d4 exd4 (
6... Bg4 {Bulletin seems to be popular recently, and White has found it
difficult to obtain an advantage. For example:} 7. dxe5 Qxd1 8. Rxd1 fxe5 9.
Rd3 Bd6 10. Nbd2 Nf6 11. b3 O-O 12. Bb2 Bxf3 $5 13. Nxf3 Nxe4 14. Re3 Nf6 15.
Bxe5 Nd5 $10 {, Malishkauskas-Belyavsky, Manila Olympiad 1992.}) 7. Nxd4 c5 (
7... Ne7 {Bulletin was seen in the one of the mysterious games from the World
Open:} 8. Nc3 Ng6 9. Be3 Bd6 10. Qh5 O-O 11. Rad1 Ne5 12. h3 Qe8 13. Qe2 $14 {
Asmundsson-von Neumann, Philadelphia 1993.}) 8. Nb3 Qxd1 9. Rxd1 Bg4 (9... Bd6
{Bulletin} 10. Na5 Bg4 11. f3 O-O-O 12. e5 $1 Bxf3 13. gxf3 fxe5 14. Nc3 {
worked out well for Joel in Benjamin-Henao, St. Martin 1993.}) (9... Bd7 {
Bulletin} 10. Bf4 O-O-O 11. Nc3 Re8 12. Nd5 Rxe4 13. Bxc7 Ne7 14. Nc3 Rc4 15.
Bg3 {was seen in Benjamin-Rowley, World Open 1993.}) 10. f3 Bd7 $6 (10... Be6 {
Bulletin} 11. Be3 b6 12. a4 a5 13. Nc3 c6 {is an alternative, as in
Morovic-Topalov, Leon 1993.}) 11. Bf4 O-O-O 12. Nc3 c4 13. Na5 Bc5+ 14. Kf1 $1
(14. Kh1 b5 15. Nd5 Ne7 16. Bxc7 Nxd5 17. Rxd5 Kxc7 18. Rxc5+ Kb6 19. b4 cxb3
20. Nxb3 Be6 21. Rc3 Rc8 22. Rxc8 Rxc8 $132) 14... b5 15. Nd5 Ne7 (15... c6 {
Bulletin} 16. b4 Ba7 17. Be3 Bxe3 18. Nxe3 Ne7 {was played in a rapid game
Seirawan-Karpov, Monaco 1993.}) 16. Bxc7 Nxd5 17. Rxd5 Kxc7 18. Rxc5+ Kb6 19.
b4 (19. Rd5 {Bulletin} Be6 $1 20. Rxd8 Rxd8 21. b4 cxb3 22. Nxb3 Bxb3 23. cxb3
Rd2) 19... cxb3 20. Nxb3 Be6 21. Rc3 b4 (21... Rc8 22. Rxc8 Rxc8 23. Nd4 $16)
22. Re3 Rc8 23. Nd4 Bc4+ 24. Ke1 Rhd8 25. Ne2 Bb5 (25... Bxe2 26. Rxe2 Rc3 27.
Rb1 Kb5 28. Rb3 Rdc8 29. Kd1 a5 30. Kc1 a4 31. Rxc3 Rxc3 32. Kb2 $16) 26. Rc1
a5 27. c3 Rc4 28. cxb4 axb4 29. Rb3 Rxc1+ 30. Nxc1 Kc5 31. a3 bxa3 32. Rxa3 Rd7
33. Ra2 Bc4 34. Rd2 Rxd2 35. Kxd2 $16 Kd4 36. Ne2+ Ke5 37. Ng3 Be6 38. Ke3 g6
39. f4+ Kd6 40. Kd4 Bc8 41. Nf1 g5 42. f5 Ba6 43. Ne3 Ke7 44. e5 fxe5+ 45. Kxe5
Kf7 46. f6 Bb7 47. g3 Bc8 48. Nf5 Bd7 49. Nd6+ Kf8 50. Ne4 h6 51. Nd6 Bg4 52.
h4 gxh4 53. gxh4 Bd7 54. Nf5 h5 55. Nd6 Bg4 56. Kf4 Kg8 57. Kg5 Kf8 58. Nc4 Be6
59. Ne5 Bf7 60. Nxf7 Kxf7 61. Kf5 1-0

[Event "LAT-ch"]
[Site "Latvia"]
[Date "1994.??.??"]
[Round "3"]
[White "Meijers, Viesturs"]
[Black "Berzinsh, Roland"]
[Result "0-1"]
[WhiteElo "2415"]
[BlackElo "2475"]
[Annotator "Wedberg,T"]
[PlyCount "66"]
[EventDate "1994.??.??"]
[EventType "tourn"]
[EventRounds "11"]
[EventCountry "LAT"]
[EventCategory "7"]
[SourceTitle "CBM 041"]
[Source "ChessBase"]
[SourceDate "1994.08.01"]
[SourceVersion "1"]
[SourceVersionDate "1994.08.01"]
[SourceQuality "1"]

1. e4 e5 2. Nf3 Nc6 3. Bb5 a6 4. Bxc6 dxc6 5. O-O f6 6. d4 Bg4 7. c3 Ne7 8. Be3
Ng6 9. Nbd2 Bd6 10. h3 Be6 11. dxe5 (11. c4 Qd7 12. d5 cxd5 13. cxd5 Bf7 14.
Qb3 $14 {Velimirovic-Kostro/Bath/1973}) 11... fxe5 12. Ng5 Bg8 13. Qh5 Qf6 (
13... Qd7 $5 {/\ 0-0-0}) 14. f4 $5 exf4 15. e5 Bxe5 16. Nde4 Qf5 17. g4 Qd7 18.
Rad1 Bd5 19. Bf2 (19. Bxf4 $2 Bxf4 20. Rxf4 O-O-O $17) 19... Bd6 (19... O-O-O
$2 20. c4 $16) 20. Nxd6+ cxd6 21. Rfe1+ Kf8 22. Rd4 (22. Nxh7+ $2 Rxh7 23. Qxh7
Kf7 24. Qh5 Rh8 $40) 22... Kg8 23. c4 Bf7 24. Nxf7 Qxf7 25. Rxd6 $44 Rf8 26.
Re4 f3 27. Kf1 Re8 28. Rxe8+ Qxe8 29. Qf5 Nf8 30. Qxf3 $16 h5 31. g5 Qe7 32. g6
$2 (32. Qf4 $16) 32... Rh6 (32... Qxd6 33. Qf7#) 33. Bh4 $4 Qxd6 (33... Qxd6
34. Qf7+ Kh8 $19) 0-1

[Event "Scandic Hotels CC"]
[Site "Stockholm"]
[Date "1999.08.02"]
[Round "3"]
[White "Brynell, Stellan"]
[Black "Wedberg, Tom Birger"]
[Result "0-1"]
[WhiteElo "2488"]
[BlackElo "2487"]
[Annotator "Wedberg,T"]
[PlyCount "77"]
[EventDate "1999.07.31"]
[EventType "tourn"]
[EventRounds "9"]
[EventCountry "SWE"]
[EventCategory "9"]
[SourceTitle "CBM 073"]
[Source "ChessBase"]
[SourceDate "1999.12.01"]
[SourceVersion "1"]
[SourceVersionDate "1999.12.01"]
[SourceQuality "1"]

1. e4 e5 2. Nf3 Nc6 3. Bb5 a6 4. Bxc6 dxc6 5. O-O f6 6. d4 Bg4 7. dxe5 Qxd1 8.
Rxd1 fxe5 9. Rd3 Bd6 10. Nbd2 b5 {For some reason this move isn´t popular any
more. As far as I can see it´s just as interesting as the more common} (10...
Nf6) 11. b4 Nf6 {probably best.} (11... Ne7 12. c4 $1 Bxb4 13. Nxe5 Be6 14. Bb2
(14. Ba3 Bxa3 (14... a5 $5) 15. Rxa3 O-O 16. Rc1 Rfd8 17. Ndf3 h6 18. h3 Kf8
19. cxb5 axb5 20. Nd4 $16 {1-0 Kurajica,B-Gligoric,S/Novi Sad 1979/EXT 99 (49)}
) 14... O-O 15. Rc1 Rad8 16. Ndf3 bxc4 17. Rxd8 Rxd8 18. Kf1 $1 $13 {1/2-1/2
Brynell,S-Wedberg,T SWE ch 1999}) 12. Bb2 Nd7 13. c4 Bxb4 {[%mdl 2048]} (13...
Bxf3 $6 {Not very spirited. Black should keep his B:s.} 14. Nxf3 bxc4 15. Rc3
Bxb4 16. Rxc4 Bd6 17. Rxc6 $16 {1-0 Dvorietzky,M-Southam,T/Philadelphia 1991/
TD (35)}) 14. cxb5 (14. Nxe5 Nxe5 15. Bxe5 Rd8 16. Rxd8+ Kxd8 17. f3 Be6 18.
Bxg7 (18. cxb5 $142) 18... Rg8 19. Bf6+ Ke8 20. Nb3 Kf7 21. Bh4 bxc4 $17 {
1/2-1/2 Speckner,R-Tamm,U/Dortmund 1993/TD (40)}) 14... axb5 $1 {[%cal Yc6c4,
Ya8a1] White can win a P, but Black has excellent compensation.} 15. Nxe5 Nxe5
16. Bxe5 O-O $1 17. f3 (17. Bxc7 Ra7 (17... Rf7 18. Bb6 c5 $36) (17... c5 $5)
18. Bb6 Ra6 19. Bd8 (19. Be3 Rfa8 $17) 19... Be2 20. Rd7 Bc3 $17) (17. Rg3 Bxd2
18. Rxg4 Rf7 $15 {[%cal Yc6c4]}) 17... Be6 18. a3 Ba5 $1 $17 19. f4 (19. Rc1 c5
$17 {[%cal Ya5b6]}) 19... Rfd8 20. Rxd8+ Rxd8 21. Nf3 c5 22. f5 Bb3 23. f6 c4
24. Rc1 (24. fxg7 c3 25. Bf6 Rd1+ 26. Rxd1 Bxd1 27. Kf2 c2 28. Bg5 Kxg7 $19 {
[%cal Yc7c5,Yb5b4]}) 24... c5 $6 (24... gxf6 $1 25. Bxf6 Rd3 $17) 25. fxg7 $1
b4 26. Nh4 c3 27. Nf5 h5 (27... bxa3 $4 28. Nh6#) 28. axb4 $6 (28. Ne7+ Kh7 29.
Nc6 Ra8 30. axb4 (30. Kf2 Bb6 $17) 30... cxb4 31. Nxa5 (31. Bd6 $2 Bb6+ 32. Kh1
Be3 $19) 31... Rxa5 32. Bxc3 $1 bxc3 33. Rxc3 $15) 28... cxb4 29. Kf2 (29. Ne7+
Kh7 30. Nc6 Bb6+ 31. Kh1 Re8 $19) 29... Re8 $1 30. Bf6 Rxe4 31. Kf3 (31. Ne7+
Kh7 32. Kf3 Rg4 33. h3 Rxg7 34. Bxg7 Kxg7 $17) 31... Re8 $19 32. Kf4 Kh7 33.
Kg5 Bd8 34. Bxd8 Rxd8 35. Ne3 Bg8 36. Kf6 Rd3 37. Nf5 b3 38. g4 hxg4 39. Rg1
$138 (39. Rg1 c2 (39... Rf3 40. Rxg4 Rxf5+ 41. Kxf5 c2 42. Kf6 c1=Q 43. Rh4+
Qh6+ $19) 40. Rxg4 Rh3 $19) 0-1

[Event "Belgrade Investbank"]
[Site "Belgrade"]
[Date "1995.??.??"]
[Round "5"]
[White "Timman, Jan H"]
[Black "Adams, Michael"]
[Result "1-0"]
[WhiteElo "2595"]
[BlackElo "2660"]
[Annotator "Wedberg,T"]
[PlyCount "71"]
[EventDate "1995.11.??"]
[EventType "tourn"]
[EventRounds "11"]
[EventCountry "YUG"]
[EventCategory "17"]
[SourceTitle "CBM 051"]
[Source "ChessBase"]
[SourceDate "1996.04.01"]
[SourceVersion "1"]
[SourceVersionDate "1996.04.01"]
[SourceQuality "1"]

1. e4 {Kortschnoj Ftacnik} e5 2. Nf3 Nc6 3. Bb5 a6 4. Bxc6 dxc6 5. O-O f6 6. d4
exd4 7. Nxd4 c5 8. Nb3 Qxd1 9. Rxd1 Bg4 10. f3 Bd7 (10... Be6 11. Be3 b6 12. a4
a5 13. Nc3 c6 $13 {Morovic-Topalov/Leon/1993}) 11. Bf4 O-O-O 12. Nc3 c4 (12...
Be6 $5 $14 {Kortschnoj}) 13. Na5 $5 (13. Nd4 Ne7 14. Rd2 Ng6 15. Be3 Bd6 16.
Rad1 Rhe8 17. Kf2 h5 $15 {Kotronias,V-Adams,M/Chalkidiki/1993}) (13. Nd4 {
Ftacnik}) 13... Bc5+ 14. Kf1 (14. Kh1 b5 15. Nd5 Ne7 (15... c6 {Ftacnik} 16. b4
Ba7 17. Nc7 Bb8 18. Ne6 Bxf4 19. Nxc6 $1 {Similar picture to the continuation
in the game, only the white's K is better located on f1.} Bxe6 20. Nxd8 Bd7 21.
Nf7 Ne7 22. Nxh8 Be6 23. a4 Be5 24. axb5 Bxa1 25. bxa6 Be5 26. Rd8+ {Ribli,
Z-Zuidema,C/Wijk aan Zee/1973/1-0}) 16. Bxc7 Nxd5 17. Rxd5 Kxc7 18. Rxc5+ Kb6
19. b4 cxb3 20. Nxb3 Be6 21. Rc3 Rc8 22. Rxc8 Rxc8 $132) 14... b5 (14... Bb4 {
Ftacnik} 15. Bxc7 $1 Kxc7 16. Nd5+ Kb8 17. Nxb4 Ne7 18. Rd6 c3 19. Rb6 Bc8 20.
Nd3 Ka7 21. Rb4 b6 22. Rc4 Bd7 23. Rc7+ Ka8 24. bxc3 bxa5 25. Rb1 Ng6 26. c4
Bc8 27. Nc5 {Rausis,I-Zude,A/BL2-SW/1991/1-0 (33)}) 15. Nd5 c6 (15... Ne7 16.
Bxc7 Nxd5 17. Rxd5 Kxc7 18. Rxc5+ Kb6 19. b4 (19. Rd5 Be6 $1 20. Rxd8 Rxd8 21.
b4 cxb3 22. Nxb3 Bxb3 23. cxb3 Rd2) 19... cxb3 20. Nxb3 Be6 21. Rc3 $14 {
Benjamin,Joe-Ivanov,AV/USA-ch/1993} (21. Rc3 {Ftacnik} b4 22. Re3 Rc8 23. Nd4
Bc4+ 24. Ke1 Rhd8 25. Ne2 {Benjamin,J-Ivanov,AV/USA-ch (08)/1993/1-0 (61)}))
16. b4 Ba7 (16... cxb3 $2 {Kortschnoj} 17. cxb3 cxd5 18. Rac1 $18) 17. Nc7 $5 (
17. Be3 Bxe3 18. Nxe3 Ne7 $10 {Seirawan-Karpov/Monaco rapids/1993} (18... Ne7
19. Rd6 Kc7 20. Rad1 Bc8 21. Rxd8 Rxd8 22. Rxd8 Kxd8 23. Ke2 Kc7 24. Kd2 Kd6
25. Nd1 c5 26. a3 cxb4 27. axb4 f5 28. exf5 Nxf5 {Seirawan,Y-Karpov,An/Monaco
blind (03)/1993/0-1 (36)})) 17... Bb8 (17... Bb6 {Kortschnoj} 18. Nxa6 $16) 18.
Ne6 Bxf4 (18... Bxe6 19. Rxd8+ Kxd8 20. Nxc6+ $16) 19. Nxc6 $1 (19. Nxf4 {
Kortschnoj} Ne7 20. Rd6 Kc7 21. Rad1 $14) 19... Re8 (19... Bxe6 20. Nxd8 (20.
Rxd8+ Kc7 21. Nd4 Bc8 22. Rf8 g6 $15) 20... Bd7 (20... Bd5 21. Rxd5 Ne7 22. Ne6
Nxd5 23. exd5 Bxh2 24. Kf2 Be5 25. Rd1 $16) 21. Nf7 $16) (19... Bc7 {Kortschnoj
} 20. Na7+ Kb8 21. Nxd8 $18) 20. Na7+ Kb8 21. Nxf4 (21. Rxd7 $2 Rxe6 22. Rad1
g6 $17) 21... Re7 {Despite all efforts black can bite back since the Na7 has
no escape route.} 22. Nd5 Re8 (22... Rf7 {Ftacnik} 23. Nb6 Be6 24. Nc6+ Kc7 25.
Nd4 $18 (25. Nd8 $18 {Kortschnoj})) (22... Re6 23. Nb6 Be8 24. Nbc8 $1 Ne7 25.
Rd8 $18) 23. Nf4 Re7 24. Nd5 Re8 25. Nb6 $5 (25. Nf4 $10) 25... Be6 (25... Kxa7
{Ftacnik} 26. Nxd7 $18) 26. Nc6+ Kc7 (26... Kb7 {Ftacnik} 27. Rd6 Kxb6 28. Nd4+
Kc7 29. Rxe6 $18) 27. Nd4 Kxb6 (27... Bf7 28. Nd5+ Bxd5 29. exd5 $16) 28. Nxe6
Rxe6 29. Rd8 {Phantastic outcome of a spectacular combination, black pieces
are tied down and white even has better chances.} h5 (29... g6 $1 {Kortschnoj}
30. Rad1 f5 $140 31. exf5 gxf5 32. Rb8+ Kc7 33. Rdd8 Rg6 $13) 30. Rad1 f5 $4
$18 (30... g5 31. Rb8+ Kc7 32. Rdd8 Rd6 33. Rxg8 Rxg8 34. Rxg8 Rd2 $13) (30...
Re7 31. Rb8+ (31. Rf8 g5 32. Rdd8 Rg7 $13) 31... Rb7 32. Ra8 Ra7 33. Rd6+ Kc7
34. Rxa7+ Kxd6 35. Rxa6+ Ke5 36. c3 (36. Ra8 Kd4 $1 37. Rb8 Kc3 38. Rxb5) 36...
Ne7 37. Rb6 Ra8 38. Rxb5+ Kd6 39. Rxh5 Ra3 $36) 31. exf5 Reh6 32. Rb8+ Kc7 33.
Rdd8 Rd6 34. Rbc8+ Kb7 35. Rxg8 Rxg8 36. Rxg8 (36. Rxg8 {Ftacnik} Rd7 37. g4
$18) 1-0